02095 2200985 4500001002100000005001500021035002000036245009300056100001400149300002800163260003400191082000800225084001400233020002200247990001200269990001200281990001200293990001200305990001200317990001200329990001200341990001200353990001200365990001200377990001200389990001200401990001200413990001200425990001200437990001200449990001200461990001200473990001200485990001200497990001200509990001200521990001200533990001200545990001200557990001200569990001200581990001200593990001200605990001200617990001200629990001200641990001200653990001200665990001200677990001200689990001200701990001200713990001200725990001200737990001200749990001200761990001200773990001200785990001200797990001200809990001200821990001200833990001200845990001200857990001200869990001200881990001200893990001200905990001200917990001200929990001200941990001200953990001200965990001200977990001200989990001201001990001201013990001201025990001201037990001201049990001201061990001201073990001201085990001201097INLIS00000000000265620250903084555 a0010-09250000031 aPembelajaran Interaktif Sejarah Tingkat Lanjut Kelas XI ( Buku Pendamping ) /cHerimanto0 aHerimanto a240 hlm ;c20 x 25,5 cm aSolo :bTiga Serangkai,c2025 a900 a900 HER p a978-623-513-120-7 a0755372 a0755373 a0755374 a0755375 a0755376 a0755377 a0755441 a0755378 a0755379 a0755380 a0755381 a0755382 a0755383 a0755384 a0755385 a0755386 a0755387 a0755388 a0755389 a0755390 a0755391 a0755392 a0755393 a0755394 a0755395 a0755396 a0755397 a0755398 a0755399 a0755400 a0755401 a0755402 a0755403 a0755404 a0755405 a0755406 a0755407 a0755408 a0755409 a0755410 a0755411 a0755412 a0755413 a0755414 a0755415 a0755416 a0755417 a0755418 a0755419 a0755420 a0755421 a0755422 a0755423 a0755424 a0755425 a0755426 a0755427 a0755428 a0755429 a0755430 a0755431 a0755432 a0755433 a0755434 a0755435 a0755436 a0755437 a0755438 a0755439 a0755440